| 000 | 01208nam a2200337 a 4500 | ||
|---|---|---|---|
| 999 |
_c7471 _d7471 |
||
| 001 | 991045667889706706 | ||
| 003 | OSt | ||
| 005 | 20211201121521.0 | ||
| 008 | 070724s2006 spc|||||| 000 ||cat | ||
| 015 |
_aLL2007 _2bnc |
||
| 017 |
_aDL L. 1463-2006 _bBiblioteca de Catalunya |
||
| 020 | _a8484092216 | ||
| 035 | _a(ES-BaCBU)b36715360-34csuc_network | ||
| 035 | _a(ES-BaCBU).b36715360 | ||
| 035 | _a(ccuc001)b36715360 | ||
| 040 |
_aES-BaBC _bcat _cES-BaBC _dCDMR |
||
| 080 | _a33:654.17 | ||
| 090 |
_aPN4784.C7 _bB35 2006 |
||
| 100 | 1 | _aBallarín Enjuanes, Lourdes | |
| 245 | 1 | 3 |
_aLa Informació económica a la televisió, un espectacle que costa de veure / _cLourdes Ballarín Enjuanes |
| 260 |
_aLleida : _bEdicions de la Universitat de Lleida, _c2006 |
||
| 300 |
_a137 p. ; _c24 cm |
||
| 504 | _aBibliografia p. 135-137 | ||
| 650 | 7 |
_aEconomia en els mitjans de comunicació de massa _2lemac |
|
| 650 | 0 |
_aTelevisió _93122 _xProgrames d'economia _zCatalunya |
|
| 710 | 2 | _aUniversitat de Lleida | |
| 907 |
_a.b36715360 _b01-03-21 _c12-05-08 _d07-05-08 _em _fa _g- _hcat _ispc _j3 _k9 |
||
| 908 |
_aBC _aUAB _aUdL _aUJI _aUPC _aUPF _aURV _aUVic-UCC _aUAO _aURL _aGEPA |
||
| 940 | _aBC | ||
| 942 |
_2udc _cMON |
||